Street foody po slovensky

Stručné predstavenie nového gastroprojektu - tzv. street food, ktorý sa zameriava na predaj kvalitného jedla na ulici. Ukážka originálneho dizajnu: „Trhance jak párance".

Enregistré dans:
Détails bibliographiques
Format: Chapitre de livre
Langue:slovaque
Sujets:
Tags: Ajouter un tag
Pas de tags, Soyez le premier à ajouter un tag!

MARC

LEADER 00000naa a2200000 4500
001 0236027
005 20220803171044.1
041 0 |a slo 
044 |a SK 
245 1 0 |a Street foody po slovensky 
520 |a Stručné predstavenie nového gastroprojektu - tzv. street food, ktorý sa zameriava na predaj kvalitného jedla na ulici. Ukážka originálneho dizajnu: „Trhance jak párance". 
610 2 0 |a gastronómia 
610 2 0 |a dizajn 
610 2 0 |a potraviny 
610 2 0 |a dizajn firemný 
610 2 0 |a Slovensko